000 01080cam a22002535a 4500
001 L159757
008 150226s2016 xxk f 000 0 eng d
035 _a(Sirsi) u159757
041 0 _aeng
245 0 0 _aThis is what 22,000 looks like
260 _c2016
490 _aModus
_vJune 2016, 16-19 (4)
520 _aBy 2050, the construction sector needs to reduce its carbon emissions by 84 billions tonnes, that's equivalent to taking 22,000 coal-fired power stations offline. The Global Alliance for Buildings and Construction, a network that brings together countries, cities and the building sector, was launched to keep global warming below 2°C. Discusses how investors can meet their fiduciary duty to manage environmental, social, governance and climate-related risks.
590 _aKA
650 2 4 _aCLIMATE CHANGE
650 2 4 _aCONSTRUCTION
650 2 4 _aCARBON EMISSIONS
650 2 4 _aInvestments
_96250
651 4 _aInternational
690 4 _aSustainability
_96271
690 _aEnvironment
_96238
942 _n0
_2ddc
999 _c84963
_d84963